| 000 | 00643nam a22002177a 4500 | ||
|---|---|---|---|
| 003 | OSt | ||
| 005 | 20150408114219.0 | ||
| 008 | 140517s2013 enka g 001 0 eng d | ||
| 020 | _a9781444182262 | ||
| 040 | _aMa-Un | ||
| 082 | 0 | 4 |
_222 _a004 _bCSA |
| 100 | 1 |
_aCushing, Steve. _945342 |
|
| 245 | 1 | 0 |
_aAQA GCSE computer science. _pStudent's book / _cby Steve Cushing. |
| 260 |
_aLondon : _bHodder Education, _c2013. |
||
| 300 |
_a224 p. : _bill. ; _c26 cm. |
||
| 500 | _aIncludes index. | ||
| 650 | _aComputer science | ||
| 650 |
_aComputer science _vProblems, exercises, etc. _94595 |
||
| 650 |
_aComputers and IT _945343 |
||
| 942 |
_2ddc _cBOOK |
||
| 999 |
_c35167 _d269667 |
||